| 000 | 00578nam a2200193 4500 | ||
|---|---|---|---|
| 008 | 240908b |||||||| |||| 00| 0 eng d | ||
| 082 |
_a305.48 _bRIG |
||
| 245 |
_aRights, shares and claims: _brealising women's rights in South Asia 2011-2012 |
||
| 260 |
_aColombo: _bSouth Asia Women's Fund; _c2012 |
||
| 650 | _aWOMEN'S RIGHTS - South Asia | ||
| 650 | _aEquality - South Asia | ||
| 650 | _aWomen's Labor - South Asia | ||
| 700 | _aParo, Chaujar | ||
| 700 | _aAlam, Rita | ||
| 700 | _aRajan, Anuradha | ||
| 700 | _aJaveed, Sarah | ||
| 700 | _aMenon, Deepthy | ||
| 942 | _cRP | ||
| 999 |
_c4967 _d4967 |
||